[Event "AUTO-OPEN-4567"]
[Site "http://www.queenalice.com/game.php?id=1849550"]
[Date "2024.12.31"]
[Round "1"]
[White "Tig"]
[Black "bdpq"]
[Result "1-0"]
[WhiteElo "2002"]
[BlackElo "1640"]

1. e4 e5 2. Nc3 d6 3. f4 exf4 4. Bc4 Be7 5. Qf3 Bg5 6. d4 Ne7 7. Qh5 Bf6 8.
Qxf7+ Kd7 9. Qh5 Bxd4 10. Nb5 a6 11. Nxd4 c5 12. Ne6 Nbc6 13. Nxd8 Nxd8 14. Bxf4
b5 15. Bd5 Nxd5 16. Qxd5 Bb7 17. Qxd6+ Ke8 18. Bg5 Nc6 19. O-O-O h6 20. Qe6+ Kf8
21. Rf1# 1-0

[Event "AUTO-OPEN-4567"]
[Site "http://www.queenalice.com/game.php?id=1849551"]
[Date "2024.12.31"]
[Round "1"]
[White "bdpq"]
[Black "Tig"]
[Result "0-1"]
[WhiteElo "1638"]
[BlackElo "2011"]

1. e4 d5 2. exd5 Qxd5 3. d3 Nf6 4. Be3 Bg4 5. f3 Bh5 6. Nh3 Qe5 7. Qc1 Nd5 8.
Be2 Qxe3 9. Qxe3 Nxe3 10. Nc3 Nxc2+ 11. Kf2 Nxa1 12. Rxa1 Nc6 13. Nf4 Bg6 14.
Nfd5 O-O-O 15. a4 e6 16. Nf4 Bc5+ 17. Kf1 Nb4 18. Nxg6 hxg6 19. h3 Nxd3 20. Ne4
Be3 21. b3 f5 22. Ng5 Bxg5 23. Rd1 Nf4 24. Re1 Nxe2 25. Rxe2 Rd1+ 26. Kf2 Rd2
27. Rxd2 Bxd2 28. Ke2 Rd8 0-1

[Event "AUTO-OPEN-4567"]
[Site "http://www.queenalice.com/game.php?id=1849552"]
[Date "2024.12.31"]
[Round "1"]
[White "Tig"]
[Black "JoseMessias"]
[Result "1-0"]
[WhiteElo "2013"]
[BlackElo "1635"]

1. e4 e5 2. Nc3 Bc5 3. f4 exf4 4. Nf3 d6 5. d4 Bb4 6. Bxf4 Bg4 7. Bc4 Nf6 8. Bg5
Qe7 9. O-O O-O 10. Nd5 Qe6 11. Nxf6+ Qxf6 12. Bxf6 gxf6 13. c3 Ba5 14. h3 Bxf3
15. Qxf3 Nd7 16. Qg4+ Kh8 17. Qxd7 Rad8 18. Qf5 Rg8 19. Qxf6+ Rg7 20. Qxd8+ Rg8
21. Qf6+ Rg7 22. Bxf7 c5 23. Qe7 h6 24. Rf6 Kh7 25. Bg6+ Kh8 26. Rf8+ Rg8 27.
Qh7# 1-0

[Event "AUTO-OPEN-4567"]
[Site "http://www.queenalice.com/game.php?id=1849553"]
[Date "2024.12.31"]
[Round "1"]
[White "JoseMessias"]
[Black "Tig"]
[Result "0-1"]
[WhiteElo "1640"]
[BlackElo "2015"]

1. g3 d5 2. Bg2 c6 3. d4 g6 4. e4 Bg7 5. e5 f6 6. exf6 Nxf6 7. h3 Qb6 8. b3 Qb4+
9. c3 Qb6 10. Bg5 O-O 11. Ne2 Bf5 12. O-O Nbd7 13. Nf4 h6 14. Bxf6 Nxf6 15. h4
c5 16. Nxd5 Nxd5 17. Bxd5+ Be6 18. dxc5 Qa6 19. Bxe6+ Qxe6 20. Re1 Qf7 21. f4
Rad8 22. Qf3 Qd5 23. Qxd5+ Rxd5 24. b4 Rfd8 25. Na3 Bxc3 26. Nc2 Bxe1 27. Rxe1
Rd1 28. Kf2 Rxe1 29. Kxe1 Rd3 30. g4 Rc3 31. Kd2 Rc4 32. Kd3 Rxf4 33. Ne3 Rxb4
34. Nd5 Rxg4 35. Nxe7+ Kf7 36. Nc8 Ke6 37. Nd6 Kd5 38. Nxb7 Kc6 39. Na5+ Kxc5
40. Nb3+ Kb4 41. Kc2 Ka3 42. Nc1 Rxh4 43. Kb1 Re4 44. Nd3 h5 45. Nc1 h4 46. Nb3
h3 47. Nd2 Rf4 48. Nb3 h2 49. Nc1 Rf1 50. Kc2 h1=Q 0-1

[Event "AUTO-OPEN-4567"]
[Site "http://www.queenalice.com/game.php?id=1849554"]
[Date "2024.12.31"]
[Round "1"]
[White "Tig"]
[Black "josebaron"]
[Result "1/2-1/2"]
[WhiteElo "2004"]
[BlackElo "2188"]

1. e4 e5 2. Bc4 Nf6 3. Nc3 Bc5 4. f4 Bxg1 5. Rxg1 exf4 6. d3 O-O 7. e5 Ne8 8.
Bxf4 d6 9. d4 dxe5 10. dxe5 Qh4+ 11. g3 Qxh2 12. Rf1 Nc6 13. Bd5 Qh3 14. Rh1 Qg4
15. Qd2 Nb4 16. Rh4 Qd7 17. O-O-O c6 18. Rxh7 Kxh7 1/2-1/2

[Event "AUTO-OPEN-4567"]
[Site "http://www.queenalice.com/game.php?id=1849555"]
[Date "2024.12.31"]
[Round "1"]
[White "josebaron"]
[Black "Tig"]
[Result "1-0"]
[WhiteElo "2207"]
[BlackElo "2017"]

1. e4 c6 2. Nf3 d5 3. exd5 cxd5 4. Bb5+ Bd7 5. Bxd7+ Nxd7 6. O-O Ngf6 7. d4 e6
8. Nc3 Be7 9. Ne5 O-O 10. h3 Rc8 11. Bg5 Nxe5 12. dxe5 Nd7 13. Bxe7 Qxe7 14. Re1
Qb4 15. Rb1 f6 16. exf6 Rxf6 17. Ne4 Rf4 18. Ng3 Qb6 19. Qd2 Rcf8 20. Re2 Rd4
21. Qe1 e5 22. c3 Rdf4 23. Rd1 Qe6 24. Qd2 Nb6 25. b3 e4 26. a4 a5 27. Qe3 Rh4
28. Qc5 Nd7 29. Qxd5 Qxd5 30. Rxd5 Nf6 31. Rxa5 Rd8 32. Re1 Rd3 33. Rb5 Rxc3 34.
Rxb7 Rc8 35. Nf5 Nh5 36. Nxh4 Nf6 37. Nf5 Nh5 38. Ne7+ 1-0

[Event "AUTO-MASTER-3250"]
[Site "http://www.queenalice.com/game.php?id=1851228"]
[Date "2025.1.31"]
[Round "1"]
[White "CCapivara"]
[Black "Tig"]
[Result "1-0"]
[WhiteElo "2247"]
[BlackElo "2053"]

1. e4 c6 2. d4 d5 3. exd5 cxd5 4. Nf3 Nc6 5. Bd3 Bg4 6. c3 Qc7 7. O-O e6 8. Be3
Bd6 9. Nbd2 Nf6 10. Re1 O-O 11. Qc2 Ne7 12. Bg5 Bf4 13. Bxf6 gxf6 14. Bxh7+ Kh8
15. Bd3 Bf5 16. Bxf5 Nxf5 17. Nf1 Kg7 18. g3 Bd6 19. Ne3 Nxe3 20. Rxe3 Rh8 21.
Kg2 Rh6 22. h4 Rah8 23. Rae1 Rg6 24. Rh1 Bf4 25. Re2 Bxg3 26. Kf1 Bxh4 27. Rxh4
Rxh4 28. Nxh4 Rh6 29. Nf3 Rh1+ 30. Kg2 Rh5 31. Re1 Qf4 32. Re3 Qg4+ 33. Kf1 Rh1+
34. Ke2 Qg2 35. Nd2 Rh2 36. Rf3 Rh1 37. Rg3+ Qxg3 38. fxg3 Rh2+ 39. Kf3 f5 40.
Qd3 a6 41. b4 Rh3 42. b5 a5 43. b6 Kg6 44. Nb3 Kg5 45. Qd2+ f4 46. Qxf4+ Kg6 47.
Qg4+ 1-0

[Event "AUTO-MASTER-3250"]
[Site "http://www.queenalice.com/game.php?id=1851229"]
[Date "2025.1.31"]
[Round "1"]
[White "Tig"]
[Black "CCapivara"]
[Result "0-1"]
[WhiteElo "2045"]
[BlackElo "2253"]

1. e4 d6 2. d4 Nf6 3. Nc3 c6 4. f4 Qa5 5. e5 Ne4 6. Qf3 Nxc3 7. Qxc3 Qxc3+ 8.
bxc3 Bf5 9. Bd3 Bxd3 10. cxd3 e6 11. Rb1 b6 12. Ne2 Nd7 13. c4 Be7 14. Ng3 g6
15. O-O O-O 16. Ne4 d5 17. Nf2 c5 18. Be3 dxc4 19. dxc4 cxd4 20. Bxd4 Rac8 21.
Rfc1 Bc5 22. Bxc5 Nxc5 23. g3 Rfd8 24. Rd1 Kf8 25. Kf1 Ke7 26. Ke2 Na4 27. Rbc1
Rxd1 28. Nxd1 b5 29. Ne3 bxc4 30. Rxc4 Rxc4 31. Nxc4 Nc3+ 32. Kd3 Nxa2 33. Na5
Kd7 34. Kc4 Nc1 35. Kb5 Nd3 36. Ka6 Nf2 37. Kxa7 Ng4 38. h3 Nf2 39. h4 h5 40.
Nc4 Ne4 41. Kb6 Nxg3 42. Nd6 f6 43. exf6 Kxd6 44. f7 Ke7 45. f8=Q+ Kxf8 0-1

[Event "AUTO-MASTER-3250"]
[Site "http://www.queenalice.com/game.php?id=1851248"]
[Date "2025.1.31"]
[Round "1"]
[White "Tig"]
[Black "cerenzo72"]
[Result "1-0"]
[WhiteElo "2009"]
[BlackElo "2092"]

1. e4 e5 2. Bc4 Nf6 3. d3 c6 4. Nf3 d5 5. Bb3 Bd6 6. Nc3 d4 7. Ne2 Nbd7 8. c3 c5
9. Ng3 b5 10. Nf5 Bf8 11. Ng5 c4 12. dxc4 Nc5 13. cxb5 Nxb3 14. Qxb3 Qc7 15.
cxd4 exd4 16. O-O h6 17. Nf3 Be6 18. Qa4 Qb6 19. Qxd4 Bc5 20. Nxg7+ Ke7 21. Qe5
Ng4 22. Nf5+ Kf8 23. Qxh8# 1-0

[Event "AUTO-MASTER-3250"]
[Site "http://www.queenalice.com/game.php?id=1851249"]
[Date "2025.1.31"]
[Round "1"]
[White "cerenzo72"]
[Black "Tig"]
[Result "1/2-1/2"]
[WhiteElo "1992"]
[BlackElo "2001"]

1. e4 d5 2. exd5 Qxd5 3. Nc3 Qa5 4. d4 Nf6 5. Nf3 c6 6. Bd2 Bf5 7. Bc4 Qc7 8.
Ne5 e6 9. O-O Bd6 10. Re1 Nbd7 11. f4 O-O 12. Be3 c5 13. Nb5 Qb6 14. a4 Be7 15.
a5 Qd8 16. Bd3 Nd5 17. Bxf5 Nxe3 18. Rxe3 exf5 19. d5 Bf6 20. Nd3 c4 21. Ne5 Re8
22. Nxc4 Rxe3 23. Nxe3 Bxb2 24. Rb1 Bf6 25. Nxf5 g6 26. Nfd6 Qxa5 27. Nxb7 Qb6+
28. Kh1 Qxb7 29. c4 Nc5 30. Nd6 Qe7 31. Nb7 Ne4 32. Qc2 Nc3 33. d6 Qe2 34. Qxe2
Nxe2 35. g3 Rb8 36. c5 Nc3 37. Rb3 Na4 38. c6 Nb6 39. Na5 Re8 40. d7 Re1+ 41.
Kg2 Rc1 42. Rd3 Bd8 43. Re3 Bc7 44. Re8+ Kg7 45. d8=Q Bxd8 46. Rxd8 Rc5 47. Nb7
Rxc6 48. Rb8 Rc8 49. Rxc8 Nxc8 50. Kf3 Kf6 51. Ke4 Ke7 52. Ke5 f5 53. Nc5 Nb6
54. Na6 Kd7 55. Kf6 Kc6 56. Kg7 Kb5 57. Nc7+ Kc6 58. Ne6 a5 59. Nd4+ Kd5 60. Nc2
Ke4 61. Kxh7 Kf3 62. Kxg6 Kg4 63. h4 Nd5 64. h5 Ne7+ 65. Kh6 Ng8+ 66. Kg7 Kxh5
67. Kxg8 Kg4 68. Kg7 Kxg3 69. Kg6 Kxf4 70. Kf6 Ke4 71. Kg5 f4 72. Kg4 a4 73. Na3
f3 74. Kg3 Ke3 75. Nc2+ Kd3 76. Nb4+ Kc4 77. Na2 a3 78. Kxf3 Kb3 79. Nc1+ Kb2
1/2-1/2

[Event "AUTO-MASTER-3263"]
[Site "http://www.queenalice.com/game.php?id=1856628"]
[Date "2025.5.3"]
[Round "1"]
[White "WoodpusherKid"]
[Black "Tig"]
[Result "1-0"]
[WhiteElo "2410"]
[BlackElo "2018"]

1. g3 d5 2. Nf3 g6 3. d4 Bg7 4. Bg2 Nf6 5. c4 dxc4 6. O-O c6 7. a4 a5 8. Na3 Be6
9. Ng5 Bd5 10. e4 Nxe4 11. Nxe4 Bxe4 12. Bxe4 Bxd4 13. Bh6 Bxb2 14. Qxd8+ Kxd8
15. Rad1+ Ke8 16. Nxc4 Bf6 17. Nb6 Ra6 18. Rb1 Bd4 19. Nc4 f5 20. Rfd1 e5 21.
Rxb7 Ba7 22. Nd6+ Kd8 23. Nf7+ 1-0

[Event "AUTO-MASTER-3263"]
[Site "http://www.queenalice.com/game.php?id=1856629"]
[Date "2025.5.3"]
[Round "1"]
[White "Tig"]
[Black "WoodpusherKid"]
[Result "0-1"]
[WhiteElo "2016"]
[BlackElo "2411"]

1. e4 e5 2. Nc3 Nc6 3. f4 exf4 4. Nf3 g5 5. d4 g4 6. Bc4 gxf3 7. Qxf3 Qh4+ 8. g3
Nxd4 9. gxh4 Nxf3+ 10. Kf2 Nxh4 11. Bxf4 c6 12. Rhe1 Bc5+ 13. Kg3 Ng6 14. Rf1
Nf6 15. Bh6 Rg8 16. Bg5 Bd6+ 17. Kf3 Ne5+ 18. Ke2 Rxg5 19. Rxf6 Nxc4 20. Raf1
Rg2+ 21. R1f2 Rxf2+ 22. Rxf2 Nxb2 23. Rg2 a5 24. Rg8+ Ke7 25. Kf3 Bxh2 0-1

[Event "AUTO-MASTER-3263"]
[Site "http://www.queenalice.com/game.php?id=1856645"]
[Date "2025.5.3"]
[Round "1"]
[White "chessman"]
[Black "Tig"]
[Result "1-0"]
[WhiteElo "2080"]
[BlackElo "2032"]

1. e4 d5 2. exd5 Qxd5 3. Nc3 Qd6 4. Nf3 Nf6 5. Be2 Bg4 6. O-O e6 7. d3 c6 8. Bg5
Nbd7 9. h3 h6 10. Bxf6 Bxf3 11. Bxf3 Nxf6 12. Re1 Be7 13. Qe2 h5 14. Ne4 Qc7 15.
Nxf6+ Bxf6 16. c3 Qf4 17. d4 g5 18. Bxh5 Ke7 19. Bg4 Rh6 20. Bxe6 Kf8 21. Bb3
Kg7 22. Qe4 1-0

[Event "AUTO-MASTER-3263"]
[Site "http://www.queenalice.com/game.php?id=1856646"]
[Date "2025.5.3"]
[Round "1"]
[White "Tig"]
[Black "JailtonMaster"]
[Result "0-1"]
[WhiteElo "2014"]
[BlackElo "2100"]

1. e4 c5 2. c3 d5 3. exd5 Qxd5 4. d4 cxd4 5. cxd4 Nf6 6. Nc3 Qd8 7. Bc4 e6 8.
Nf3 a6 9. O-O Nc6 10. Re1 b5 11. Bb3 Be7 12. Be3 O-O 13. Ne2 Bb7 14. Nf4 Na5 15.
Bc2 Nc4 16. Bc1 Rc8 17. Ng5 h6 18. Ngxe6 fxe6 19. Nxe6 Qd5 20. Be4 Qd7 21. Nxf8
Rxf8 22. Bxb7 Qxb7 23. Qd3 Bb4 24. Re2 Qf7 25. b3 Ng4 26. bxc4 Nxf2 27. Qg3 Nh3+
28. gxh3 Qf1# 0-1

[Event "AUTO-MASTER-3263"]
[Site "http://www.queenalice.com/game.php?id=1856647"]
[Date "2025.5.3"]
[Round "1"]
[White "JailtonMaster"]
[Black "Tig"]
[Result "1-0"]
[WhiteElo "2106"]
[BlackElo "2046"]

1. e4 c6 2. d4 d5 3. exd5 cxd5 4. Nf3 Nc6 5. Bd3 Qc7 6. O-O Bg4 7. c3 a6 8. h3
Bxf3 9. Qxf3 e6 10. Bf4 Bd6 11. Bxd6 Qxd6 12. Nd2 Nf6 13. Rfe1 O-O 14. Rad1 b5
15. Nb3 Rab8 16. Nc5 Nd8 17. Qe2 g6 18. Nb3 Nc6 19. Nc5 1-0

[Event "AUTO-MASTER-3272"]
[Site "http://www.queenalice.com/game.php?id=1860087"]
[Date "2025.7.18"]
[Round "1"]
[White "IranSilva"]
[Black "Tig"]
[Result "1-0"]
[WhiteElo "2240"]
[BlackElo "1977"]

1. Nf3 d5 2. d4 Nf6 3. c4 c6 4. Nc3 dxc4 5. a4 a5 6. e4 Bg4 7. Be3 e6 8. Be2 Bb4
9. Qc2 Bxc3+ 10. bxc3 O-O 11. h3 Bh5 12. g4 Bg6 13. Nd2 Nbd7 14. Bxc4 Rc8 15. f4
h6 16. f5 Bh7 17. fxe6 fxe6 18. Bxe6+ Kh8 19. Bf5 Bxf5 20. gxf5 c5 21. Qb3 cxd4
22. cxd4 Qb6 23. Qxb6 Nxb6 24. Ke2 Nh5 25. Rhg1 Nc4 26. Nxc4 Rxc4 27. Kd3 Rfc8
28. Bd2 b6 29. Rgc1 Rxc1 30. Rxc1 Rxc1 31. Bxc1 1-0

[Event "AUTO-MASTER-3272"]
[Site "http://www.queenalice.com/game.php?id=1860088"]
[Date "2025.7.18"]
[Round "1"]
[White "Tig"]
[Black "IranSilva"]
[Result "0-1"]
[WhiteElo "1983"]
[BlackElo "2235"]

1. d4 d5 2. Nd2 Nf6 3. e3 Bf5 4. c4 c6 5. Ngf3 e6 6. Be2 Be7 7. O-O O-O 8. Nh4
Bg6 9. Nxg6 hxg6 10. Bd3 Kh7 11. c5 Rh8 12. b3 Kg8 13. e4 dxe4 14. Nxe4 Nxe4 15.
Bxe4 Qc7 16. g3 Nd7 17. Bb2 Nf6 18. Bc2 Rd8 19. Re1 b6 20. b4 bxc5 21. bxc5 Bxc5
22. Qf3 Bxd4 23. Bxd4 Rxd4 24. Rad1 Rxd1 25. Rxd1 Rh5 26. Qa3 Rd5 27. Rxd5 cxd5
28. Qb2 Ng4 0-1

[Event "AUTO-MASTER-3272"]
[Site "http://www.queenalice.com/game.php?id=1860101"]
[Date "2025.7.18"]
[Round "1"]
[White "Tig"]
[Black "CCapivara"]
[Result "0-1"]
[WhiteElo "2001"]
[BlackElo "2338"]

1. e4 d6 2. d4 Nf6 3. Nd2 c6 4. Ngf3 Bg4 5. Bd3 Nbd7 6. O-O e5 7. c3 Be7 8. b3
O-O 9. Ba3 Re8 10. Be2 Qc7 11. Bd3 Rad8 12. Nc4 d5 13. Bxe7 Rxe7 14. Ne3 dxe4
15. Nxg4 Nxg4 16. Bxe4 exd4 17. Qxd4 Ndf6 18. Qc4 Rxe4 19. Qc5 b6 20. Qa3 Rf4
21. h3 Rxf3 0-1

[Event "AUTO-MASTER-3272"]
[Site "http://www.queenalice.com/game.php?id=1860102"]
[Date "2025.7.18"]
[Round "1"]
[White "CCapivara"]
[Black "Tig"]
[Result "1-0"]
[WhiteElo "2284"]
[BlackElo "1991"]

1. e4 d5 2. Nf3 c6 3. exd5 Qxd5 4. Nc3 Qa5 5. Bc4 Bg4 6. O-O Nf6 7. d3 e6 8. h3
Bxf3 9. Qxf3 Be7 10. Bf4 O-O 11. a3 Nbd7 12. Rae1 b5 13. Bb3 Nc5 14. Ba2 b4 15.
axb4 Qxb4 16. Bc1 Rac8 17. g4 Qb8 18. g5 Nfd7 19. h4 Ne5 20. Qg3 Bd6 21. Bf4
Qxb2 22. Bxe5 Bxe5 23. Qxe5 Na4 24. Bxe6 fxe6 25. Nxa4 Qxe5 26. Rxe5 Rfe8 27.
Rfe1 Kf7 28. Nc5 Rb8 29. Rxe6 Rxe6 30. Rxe6 Rb1+ 31. Kg2 a5 32. Rxc6 Re1 33. Ra6
Ra1 34. h5 g6 35. h6 Re1 36. Rxa5 Re2 37. Ra7+ Re7 38. Rxe7+ Kxe7 39. d4 Kd6 40.
c4 1-0